| 000 | 00441nam a2200157Ia 4500 | ||
|---|---|---|---|
| 005 | 20240604062047.0 | ||
| 008 | 240331s9999 xx 000 0 und d | ||
| 082 |
_bANE _a362 |
||
| 100 | _aSeneviratne, M. | ||
| 245 | 3 |
_aAn evil under the sun : _bthe sexual exploitation of children in Sri Lanka |
|
| 260 |
_aMt.Lavinia _bPEACE Campaign _c1995 |
||
| 300 | _a147 p., | ||
| 650 | _aSexual Expliotation | ||
| 700 | _aSeneviratne, M. | ||
| 942 | _cL | ||
| 999 |
_c2883 _d2883 |
||